LEADER 02121nam a2200445 u 4500 001 000000011486 003 CaOOAMICUS 005 20070226105430.0 008 940516s1973 it u000 u ita u 035 $a10282198 040 $aPUL(R)$bita 041 1 $aita$hfre 245 00$aChe cos'è lo strutturalismo? :$bLinguistica - Poetica - Antropologia - Psicanalisi - Filosofia /$cOswald Ducrot ... et al. ; traduzione di Mario Antonelli. 250 $a[2. ed.] 260 $aMilano :$bIstituto Editoriale Internazionale,$c1973. 300 $a504 p. ;$c20 cm 490 1 $aScienze dell'uomo ;$v1 500 $aIn testa al front.: Oswald Tucrot - Tzvetan Todorov - Dan Sperber - Moustafa Safouan - Fran{rcedil}cois Wahl. 500 $aBibliografia alla fine di ogni capitolo. 500 $aTit. orig.: Qu'est-ce le structuralisme?. 504 $aBibliografia dei testi indispensabili: p. [503]-504. 650 4$aStrutturalismo.$0(OLS)http://pul/subject/477 650 4$aLinguistica.$0(OLS)http://pul/subject/6382 650 4$aPoetica.$0(OLS)http://pul/subject/5397 650 4$aAntropologia.$0(OLS)http://pul/subject/1028 650 4$aPsicanalisi.$0(OLS)http://pul/subject/1791 650 4$aFilosofia.$0(OLS)http://pul/subject/362 700 1 $aTucrot, Oswald.$0(OLS)http://pul/name/11060 700 1 $aTodorov, Tzvetan,$d1939-$0(OLS)http://pul/name/11061 700 1 $aWahl, François.$0(OLS)http://pul/name/11064 700 1 $aSafouan, Moustafa.$0(OLS)http://pul/name/11063 700 1 $aSperber, Dan.$0(OLS)http://pul/name/11062 830 0$aScienze dell'uomo ;$v1.$0(OLS)http://pul/title/16642 850 $aPUL 852 $aPUL$W1$xDP1 Fondo Giannini$y60$m1556 F 16$j16254$nBK-PRI$b $qFondi$B16254$CPULBib$Z2$F16254 $H $81 941 1 $a1 960 $aPsicoanalisi$91791 961 $aINV: Fondo G. Giannini 996 $6245$aChe cos'è lo strutturalismo? :$bLinguistica - Poetica - Antropologia - Psicanalisi - Filosofia$9(OLS)http://pul/title/16641 996 $6260$aMilano :$bIstituto Editoriale Internazionale$9(OLS)http://pul/publisher/53304 LEADER 01258nam a2200313 u 4500 001 000000049296 003 CaOOAMICUS 005 20070226115108.0 008 000623s1999 it u000 u ita u 020 $a8810405552 035 $a10850910 040 $aPUL$bita 100 1 $aMilano, Andrea,$d1938-$0(OLS)http://pul/name/12783 245 10$aQuale verità :$bper una critica della ragione teologica /$cAndrea Milano. 260 $aBologna :$bEDB,$cc1999. 300 $a406 p. ;$c24 cm 490 1 $aNuovi saggi teologici.$aSeries maior 500 $aContiene indici. 504 $a"Nota bibliografica": P. 391. 650 4$aTeologia ortodossa.$0(OLS)http://pul/subject/5722 830 0$aNuovi saggi teologici.$pSeries maior.$0(OLS)http://pul/title/135271 850 $aPUL 852 $aPUL$W1$xSL Religione 1$y3$m55 M 36$j65525$nBK-PRI$b $qStampati$B65525$CPULBib$Z2$F65525 $H $81 941 1 $a8 961 $aINV: 82010 983 0$aCollana Nuovi saggi teologici.$pSeries maior. 996 $6020$a8810405552$9(OLS)http://pul/number/62239 996 $6245$aQuale verità :$bper una critica della ragione teologica$9(OLS)http://pul/title/66492 996 $6260$aBologna :$bEDB$9(OLS)http://pul/publisher/56073